Festive : The Art and Design of Promotional Mailing /
Selección de diseños de correspondencia promocional en ocasiones festivas (Navidad, fin de año, etcétera), elaborados por diferentes agencias creativas de todo el mundo como vehículo para mostrar el talento de sus diseñadores y promover sus servicios.
Wedi'i Gadw mewn:
| Prif Awdur: | |
|---|---|
| Fformat: | Llyfr |
| Iaith: | Saesneg |
| Cyhoeddwyd: |
Sussex Oriental, Inglaterra :
RotoVision,
2002, c2002
|
| Pynciau: | |
| Tagiau: |
Dim Tagiau, Byddwch y cyntaf i dagio'r cofnod hwn!
|
MARC
| LEADER | 00000nam^a2200000^a^4500 | ||
|---|---|---|---|
| 001 | 000143958 | ||
| 005 | 20250521000000.0 | ||
| 009 | 20260310095742.318 | ||
| 020 | |a 2-88046-738-1 | ||
| 037 | |a Acervo ITESO - Biblioteca | ||
| 041 | |a ING | ||
| 082 | |a 741. 68 |b WIT | ||
| 100 | |a Witham, Scott |e (autor) | ||
| 245 | 1 | 0 | |a Festive : |b The Art and Design of Promotional Mailing / |c S. Witham ; pról. de Russ Haan... [et al.]. |
| 264 | 4 | |a Sussex Oriental, Inglaterra : |b RotoVision, |c 2002, c2002 | |
| 300 | |a 207 p. | ||
| 336 | |a texto |b txt |2 rdacontenido | ||
| 337 | |a sin mediación |b n |2 rdamedio | ||
| 338 | |a volumen |b nc |2 rdasoporte | ||
| 520 | |a Selección de diseños de correspondencia promocional en ocasiones festivas (Navidad, fin de año, etcétera), elaborados por diferentes agencias creativas de todo el mundo como vehículo para mostrar el talento de sus diseñadores y promover sus servicios. | ||
| 649 | |a XX | ||
| 650 | |a Tarjetas de Felicitación | ||
| 650 | |a Regalos | ||
| 650 | |a Correspondencia de Negocios | ||
| 650 | |a Publicidad Impresa | ||
| 650 | |a Fiestas | ||
| 650 | |a Prácticas Culturales | ||
| 650 | |a Diseño Gráfico | ||
| 650 | |a Comunicación Visual | ||
| 650 | |a Promoción del Producto | ||
| 650 | |a Promoción del Servicio | ||
| 650 | |a Mezcla de Mercadotecnia | ||
| 650 | |a Administración del Producto | ||
| 650 | |a Ciencias Administrativas | ||
| 910 | |a Fondo General | ||
| 920 | |a Impresos - Libros | ||
| 930 | |a Reserva Especial | ||
| 905 | |a 103 | ||
| 901 | |a 0500073055 |b IT1 |c REE |u 20250521 | ||
| 902 | |a https://opac.biblio.iteso.mx/vufind/Record/000143958 | ||